Overseas Chinese nationalism.

Bibliographic Details
Main Author: Williams, Lea E.
Corporate Author: Massachusetts Institute of Technology. Center for International Studies
Format: Book
Language:English
Published: Glencoe, Ill. : Free Press, [1960]
Subjects:

MARC

Tag First Indicator Second Indicator Subfields
LEADER 00000cam a2200000 4500
001 in00000057506
005 20151007082150.0
008 720920s1960 eng u
010 |a  60009582  
035 |a (OCoLC)00411053 
035 |9 AAF7471AM 
040 |c WSU  |d TXA  |d UtOrBLW 
049 |a TXAM  |c [327679] 
090 |a DS632.C5  |b W5 
092 |a 325.251  |b W724o 
100 1 |a Williams, Lea E. 
245 1 0 |a Overseas Chinese nationalism. 
264 1 |a Glencoe, Ill. :  |b Free Press,  |c [1960] 
300 |a 235 pages 
336 |a text  |b txt  |2 rdacontent 
337 |a unmediated  |b n  |2 rdamedia 
338 |a volume  |b nc  |2 rdacarrier 
504 |a Bibliography: pages 211-229. 
650 0 |a Chinese  |z Indonesia. 
650 0 |a Nationalism  |z China. 
710 2 |a Massachusetts Institute of Technology.  |b Center for International Studies. 
999 |a MARS 
999 f f |s 52a03c1d-b99f-3c99-bf7f-045f4c9aea46  |i c38ffd32-87a7-3d26-8455-aed47b28ff05  |t 0 
952 f f |p normal  |a Texas A&M University  |b College Station  |c Sterling C. Evans Library  |d Evans: Library Stacks  |t 0  |e DS632.C5 W5  |h Library of Congress classification  |i unmediated -- volume  |m A14800668994 
998 f f |a DS632.C5 W5  |t 0  |l Evans: Library Stacks